Ends in 'RO' Quiz Stats

 Plays Quiz Updated Feb 16, 2012

Also try: Ends in 'GO'
Challenge
Share
Tweet
Embed
Score 0/25 Timer 06:00
3 Plays Today
Hint Type % Correct
Nothing, zippo, zilch, nada, goose eggzero
94.9%
A large hat often worn by Speedy Gonzalessombrero
76.4%
A Greek sandwichgyro
72.4%
Zipper alternativeVelcro
65.8%
Africa's most populous capital cityCairo
65.2%
His films include Goodfellas and Meet the ParentsRobert De Niro
63%
This alter ego of Don Diego de la Vega always leaves his markZorro
62%
A legendary fiddler known for his crueltyNero
61.5%
A small donkeyburro
56.4%
A large, rounded hairstyleafro
55.7%
A term used to describe the state of a fetus or Nirvana's last studio albumIn Utero
51.2%
A Philip Morris brand of cigarettesMarlboro
46.9%
A small informal restaurant or barbistro
43.9%
Hint Type % Correct
A world leader from 1959-2008Fidel Castro
42.2%
This began circulating in 12 nations in 2002Euro
38.8%
A master in an art, particularly music; Bob Cobbmaestro
36.5%
This pepper measures in excess of 100 000 on the Scoville scalehabanero
35.1%
In music, a quick, lively tempoallegro
32.3%
Fourth highest of the seven summitsMount Kilimanjaro
28.6%
This ancient Greek is said to have invented the steam engine and the vending machineHero
27.6%
This European country is the only one to fit the categoryMontenegro
26.3%
This Roman politician, philosopher and orator was assassinated in 43 BCCicero
26.2%
This member of the parsley family is also known as coriandercilantro
25.5%
DC comic book supervillain who is a doppelgänger of SupermanBizarro
18%
Despite having over 10 million people, this is not the most populous city in its countryRio de Janeiro
14.8%

You're not logged in!

Compare scores with friends on all Sporcle quizzes.
Join for Free
OR
Log In

You Might Also Like...

Show Comments

Extras

Top Quizzes Today


Score Distribution

Your Account Isn't Verified!

In order to create a playlist on Sporcle, you need to verify the email address you used during registration. Go to your Sporcle Settings to finish the process.

Report this User

Report this user for behavior that violates our Community Guidelines.

Details: